|
|
|
|
| LEADER |
01748cas a2200241 a 4500 |
| 001 |
AALejournalIMF009222 |
| 008 |
230101c9999 xx r poo 0 0eng d |
| 020 |
|
|
|c 5.00 USD
|
| 020 |
|
|
|z 9781451839111
|
| 022 |
|
|
|a 1934-7685
|
| 040 |
|
|
|a BD-DhAAL
|c BD-DhAAL
|
| 110 |
2 |
|
|a International Monetary Fund.
|
| 245 |
1 |
0 |
|a Ukraine :
|b 2006 Article IV Consultation; Staff Report; Staff Statement; and Public Information Notice on the Executive Board Discussion.
|
| 264 |
|
1 |
|a Washington, D.C. :
|b International Monetary Fund,
|c 2007.
|
| 300 |
|
|
|a 1 online resource (73 pages)
|
| 490 |
1 |
|
|a IMF Staff Country Reports
|
| 500 |
|
|
|a <strong>Off-Campus Access:</strong> No User ID or Password Required
|
| 500 |
|
|
|a <strong>On-Campus Access:</strong> No User ID or Password Required
|
| 506 |
|
|
|a Electronic access restricted to authorized BRAC University faculty, staff and students
|
| 520 |
3 |
|
|a This 2006 Article IV Consultation highlights that Ukraine's fiscal policy in 2005-06 reshuffled resources from higher saving businesses to lower saving households, touching off a consumption boom, which has been reinforced by rapid credit expansion. In 2005, this boom helped to offset the drag on the economy from marked real currency appreciation, weaker steel exports owing to intensified third-country competition, higher business-tax collections, and post-Orange-Revolution reforms, which clamped down on tax loopholes, smuggling, and corruption. The authorities have proven adept at hitting low fiscal deficit targets.
|
| 538 |
|
|
|a Mode of access: Internet
|
| 830 |
|
0 |
|a IMF Staff Country Reports; Country Report ;
|v No. 2007/050
|
| 856 |
4 |
0 |
|z Full text available on IMF
|u http://elibrary.imf.org/view/journals/002/2007/050/002.2007.issue-050-en.xml
|z IMF e-Library
|